00797nam a2200205Ia 4500003000900000008004100009020001800050040001600068080001900084100002700103245014400130260004800274300001400322650003800336650002400374700002700398942000700425999001700432952014200449IN-BaIIA211028s9999 xx 000 0 eng d a0-691-04459-7 cIIA Library a521.1:517bBON aBond, Victor R.921203 0aModern astrodynamicsbfundamentals and perturbation methodscVictor R. Bond and Mark C. Allman  aNew JersybPrinceton University Pressc1996 axi, 250p. aAstrodynamics-fundamentals921204 aCelestial mechanics aAllman, Mark C.921205 cBK c12156d12156 00104070aBANbBANcGENd1997-07-31g1458.00l2m2o521.1:517/ BONp13072r2024-08-13s2023-05-19v1458.00w1997-07-31yBKGRs. 1458.00